000
00241nam a22000977a 4500
999
_c
11696
_d
11696
008
200110b ||||| |||| 00| 0 eng d
020
_a
9780679881261
100
_a
Molly Coxe
_9
7395
245
_a
Big Egg
260
_a
New York
_b
Random House
_c
1997